Mujeres jefas de hogar y su dinámica familiar /
El interés particular de este trabajo es complementar la discusión más frecuente sobre las condiciones materiales de vida que caracterizan a los hogares con jefas mujeres, con un análisis de dimensiones menos conocidas de su vida familiar, tales como la división del trabajo doméstico y del cuidado d...
Guardado en:
| Hovedforfatter: | |
|---|---|
| Andre forfattere: | |
| Format: | Texto |
| Fag: | |
| Tags: |
Tilføj Tag
Ingen Tags, Vær først til at tagge denne postø!
|
MARC
| LEADER | 00000 a a2200000 04500 | ||
|---|---|---|---|
| 001 | 11625 | ||
| 003 | |||
| 040 | |||
| 100 | |a García, Brígida | ||
| 245 | |a Mujeres jefas de hogar y su dinámica familiar / |c Brígida García | ||
| 500 | |a Resumen también en inglés | ||
| 520 | |a El interés particular de este trabajo es complementar la discusión más frecuente sobre las condiciones materiales de vida que caracterizan a los hogares con jefas mujeres, con un análisis de dimensiones menos conocidas de su vida familiar, tales como la división del trabajo doméstico y del cuidado de los hijos, la paticipación de los diferentes miembros en la toma de decisiones y la presencia o ausencia de violencia, haciendo hincapié en la diferenciación social que caracteriza a estas unidades | ||
| 650 | |a JEFAS DE HOGAR | ||
| 650 | |a MEDIO FAMILIAR | ||
| 650 | |a TRABAJO DOMESTICO | ||
| 650 | |a VIOLENCIA INTRAFAMILIAR | ||
| 650 | |a RESULTADOS DE INVESTIGACION | ||
| 650 | |a TRABAJO | ||
| 650 | |a FAMILIA | ||
| 650 | |a TOMA DE DECISIONES | ||
| 650 | |a VIOLENCIA INTRAFAMILIAR | ||
| 700 | |a Oliveira, Orlandina de | ||
| 773 | |g volumen 11, número 43; páginas 29-51 | ||
| 999 | |c 24671 |d 24671 | ||
